000 00551nam a2200217Ia 4500
003 OSt
005 20220923230918.0
006 a|||||r|||| 00| 0
007 ta
008 Pun
024 _a306,394
037 _cTextual
040 _aARTS
_cARTS
_bPun
041 _2Pun
_aPun
082 _aO153,8NDAx, M5
100 _aਦਲਾਲ, ਗੁਰਦਿਆਲ
245 0 _aਫਰਿੱਜ ਵਿਕਊ ਹੈ
260 _c1985
942 _hO153,8NDAx, M5
_cTEXL
_2CC
999 _c388180
_d388180